| 000 | 01030cam a2200229 4500 | ||
|---|---|---|---|
| 001 | ##L134993 | ||
| 008 | 060918n2006 000 0 eng u | ||
| 020 | _a185716900X | ||
| 035 | _a(Sirsi) u134993 | ||
| 041 | 0 | _aeng | |
| 050 | 0 | 4 | _a333.72 $2 18 |
| 100 | 1 | _aStace, H. | |
| 245 | 0 | 0 |
_aNatural foundations _bgeodiversity for people, places and nature |
| 260 |
_aPeterborough _bEnglish Nature _c2006 |
||
| 520 | _aThis report examines England's diverse geology, and argues that conservation of geodiversity should be central to the management of the environment. Discusses threats to geodiversity, and sets out ways in which it can be conserved and enhanced. | ||
| 590 | _aIKA190906 | ||
| 651 | 4 |
_aEngland _y886- |
|
| 690 | _aENVIRONMENTAL AND LAND CONSULTANCY-ENVIRONMENTAL MANAGEMENT-ENVIRONMENTAL CONSERVATION | ||
| 700 | 1 | _aLarwood, J. G. | |
| 856 | 4 | 0 |
_uhttps://web.archive.org/web/20070722011505/http://www.english-nature.org.uk/pubs/publication/PDF/GeologySON.pdf _zAvailable via the Web Archive |
| 942 |
_n0 _2ddc |
||
| 999 |
_c105880 _d105880 |
||